Visualizzazione normale
Vista MARC
- Piccinelli Nino
di Personal Name
Records bibliografici associati: 1
001 - CONTROL NUMBER
- control field: 1496
003 - CONTROL NUMBER IDENTIFIER
- control field: IT-RoPau
005 - DATE AND TIME OF LATEST TRANSACTION
- control field: 20131109101538.0
008 - FIXED-LENGTH DATA ELEMENTS
- fixed length control field: 131109|| aca||aabn | a|a d
040 ## - CATALOGING SOURCE
- Original cataloging agency: IT-RoPau
- Transcribing agency: IT-RoPau
100 ## - HEADING--PERSONAL NAME
- Personal name: Piccinelli Nino
670 ## - SOURCE DATA FOUND
- Source citation: Work cat.: (IT-RoPau)100851: Piccinelli Nino, Ta-pum ta-pum ta-pum 34 canti di trincea trascritti da Nino Piccinelli (4 Lp )